道路が2万キロを超える都道府県 -サドンデス- - Statistics

General Stats
  • This quiz has been taken 246 times
  • The average score is 10 of 25
Answers on the Grid
Answers color-coded by a green-red scale on the quiz's grid according to % correct below.
北海道
青森県
岩手県
宮城県
秋田県
山形県
福島県
茨城県
栃木県
群馬県
埼玉県
千葉県
東京都
神奈川県
新潟県
富山県
石川県
福井県
山梨県
長野県
岐阜県
静岡県
愛知県
三重県
滋賀県
京都府
大阪府
兵庫県
奈良県
和歌山県
鳥取県
島根県
岡山県
広島県
山口県
徳島県
香川県
愛媛県
高知県
福岡県
佐賀県
長崎県
熊本県
大分県
宮崎県
鹿児島県
沖縄県
 
Answer Stats
Answer % Correct
91,516 北海道
99%
34,327 岩手県
78%
40,937 福島県
66%
25,447 東京都
65%
24,732 秋田県
56%
49,770 長野県
55%
20,818 青森県
53%
32,269 新潟県
50%
26,199 静岡県
44%
22,547 宮城県
43%
31,999 兵庫県
41%
38,965 千葉県
39%
32,095 岐阜県
39%
45,950 愛知県
37%
45,252 埼玉県
34%
28,857 鹿児島県
34%
25,718 広島県
32%
58,988 茨城県
30%
30,680 福岡県
29%
23,243 熊本県
22%
26,521 栃木県
19%
36,358 群馬県
19%
26,460 岡山県
18%
26,772 三重県
10%
21,139 宮崎県
10%
No matching quizzes found
Score Distribution
Percent of People with Each Score
Percentile by Number Answered
Your Score History
You have not taken this quiz